Don Toliver - Top 25 najczęściej odtwarzanych piosenek - Statystyki

Ogólne statystyki
  • Ten quiz został rozwiązany 25 razy
  • Średni wynik to 12 z 25
Statystyki odpowiedzi
Hint Odpowiedź % Poprawnych
Love Sick No Pole
95%
Heaven Or Hell No Idea
89%
Heaven Or Hell After Party
84%
HARDSTONE PSYCHO BANDIT
84%
HARDSTONE PSYCHO TORE UP
84%
HARDSTONE PSYCHO NEW DROP
74%
Love Sick Private Landing
74%
Heaven Or Hell Cardigan
68%
F1 The Album Lose My Mind
53%
Life of a DON You
53%
JACKBOYS WHAT TO DO?
47%
HARDSTONE PSYCHO BROTHER STONE
42%
Life of a DON Flocky Flocky
42%
Heaven Or Hell Had Enough
42%
HARDSTONE PSYCHO KRYPTONITE
42%
Love Sick Embarrassed
37%
Life of a DON Way Bigger
37%
Heaven Or Hell Euphoria
32%
HARDSTONE PSYCHO ATTITUDE
21%
Life of a DON Drugs N Hella Melodies
21%
Heaven Or Hell Can't Feel My Legs
16%
Singiel LV Bag
16%
Singiel Best You Had
11%
Singiel No Idea (DJ Purpberry)
11%
Life of a DON What You Need
11%
Nie znaleziono quizów pasujących do podanych kryteriów
Rozkład punktacji
Procent ludzi z każdym wynikiem
Percentyl według liczby udzielonych odpowiedzi
Twoja historia wyników
Nie rozwiązałeś tego quizu